| 000 | 01066nam a22002537c 4500 | ||
|---|---|---|---|
| 001 | 216219278 | ||
| 003 | UA-OsUOA | ||
| 005 | 20200918122514.0 | ||
| 007 | cr aa aacaa | ||
| 008 | 200918b un ||||| |||| 00| 0 ukr d | ||
| 020 | _a9660600666 | ||
| 040 |
_aUA-OsUOA _bukr _cUA-OsUOA _dUA-OsUOA |
||
| 041 | _aukr | ||
| 080 | _a159.9 | ||
| 090 | _a159.9 | ||
| 245 |
_aОснови практичної психології _bпідручник для студентів вищих навчальних закладів _cза ред. В. Г. Панка |
||
| 250 | _a3-тє вид. | ||
| 260 |
_aК. _bЛибідь _c2006 |
||
| 300 | _a536 с. | ||
| 650 | _2UDC | ||
| 856 | 4 | 0 | _uhttps://www.academia.edu/31720115/%D0%9E%D0%A1%D0%9D%D0%9E%D0%92%D0%98_%D0%9F%D0%A0%D0%90%D0%9A%D0%A2%D0%98%D0%A7%D0%9D%D0%9E%D0%87_%D0%9F%D0%A1%D0%98%D0%A5%D0%9E%D0%9B%D0%9E%D0%93%D0%86%D0%87_%D0%B7%D0%B0_%D1%80%D0%B5%D0%B4_%D0%92_%D0%93_%D0%9F%D0%B0%D0%BD%D0%BA%D0%B0_3_%D0%B5_%D0%B2%D0%B8%D0%B4_%D0%9A_%D0%9B%D0%B8%D0%B1%D1%96%D0%B4%D1%8C_2006 |
| 942 |
_2udc _cEB |
||
| 955 | _a2 | ||
| 999 |
_c463382 _d463382 |
||